| 000 | 00699nam a2200217Ia 4500 | ||
|---|---|---|---|
| 003 | IN-BaIIA | ||
| 008 | 211028s9999 xx s 000 0 eng d | ||
| 020 | _a978-3-642-22976-3 (Print) | ||
| 020 | _a978-3-642-22977-0 (Online) | ||
| 040 | _cIIA Library | ||
| 100 |
_aStefanita, Carmen-Gabriela _939058 |
||
| 245 | 0 |
_aMagnetism _h[eBook] |
|
| 260 |
_aHeidelberg, Berlin _bSpringer Berlin Heidelberg _c2012 |
||
| 300 | _aOnline resource | ||
| 650 |
_a Engineering, general _938570 |
||
| 650 |
_a Magnetism, Magnetic Materials _938435 |
||
| 650 |
_a Nanotechnology _919235 |
||
| 650 |
_aPhysics _973 |
||
| 856 |
_uhttp://doi.org/10.1007/978-3-642-22977-0 _yClick Here to Access eBook |
||
| 942 | _cEB | ||
| 999 |
_c21071 _d21071 |
||